Electronic Communications (Record no. 58845)

MARC details
000 -LEADER
fixed length control field 00403pam a2200157 a 4500
020 ## - INTERNATIONAL STANDARD BOOK NUMBER
International Standard Book Number 0876923961
Terms of availability
041 ## - LANGUAGE CODE
Language code of text/sound track or separate title eng
082 ## - DEWEY DECIMAL CLASSIFICATION NUMBER
Classification number 621.382
Item number ROD/COO
100 ## - MAIN ENTRY--PERSONAL NAME
Personal name Roddy.
245 ## - TITLE STATEMENT
Title Electronic Communications
Medium Donate Books
260 ## - PUBLICATION, DISTRIBUTION, ETC.
Place of publication, distribution, etc. New Delhi
Name of publisher, distributor, etc. PHI Learning Pvt. Ltd.,
Date of publication, distribution, etc. 1987
300 ## - PHYSICAL DESCRIPTION
Extent ix/788:
Other physical details p.b.;
Dimensions 24*18.
653 ## - INDEX TERM--UNCONTROLLED
Uncontrolled term Dig. Communication
700 ## - ADDED ENTRY--PERSONAL NAME
Personal name Coolen,
Relator term author.
930 ## - EQUIVALENCE OR CROSS-REFERENCE-UNIFORM TITLE HEADING [LOCAL, CANADA]
Uniform title 15624
Holdings
Withdrawn status Lost status Damaged status Not for loan Collection Home library Current library Shelving location Date acquired Source of acquisition Cost, normal purchase price Total Checkouts Full call number Barcode Date last seen Copy number Price effective from Koha item type
        EWP College of Engineering for Women, Pune College of Engineering for Women, Pune A-DON-3 03/03/2015 Smt. Gogate 65.00   621.382 ROD/COO EWP-D183 24/02/2023 1 24/02/2023 Book